Mining geology (Record no. 21188)

000 -LEADER
fixed length control field 00556nam a22002171 4500
001 - CONTROL NUMBER
control field 21188
003 - CONTROL NUMBER IDENTIFIER
control field BD-DhUET
008 - FIXED-LENGTH DATA ELEMENTS--GENERAL INFORMATION
fixed length control field 760123s1948 nyua b 000 0 eng
040 ## - CATALOGING SOURCE
Original cataloging agency DLC
Transcribing agency DLC
Modifying agency BD-DhUET
082 ## - DEWEY DECIMAL CLASSIFICATION NUMBER
Classification number 622
Item number MCK/1962
100 ## - MAIN ENTRY--PERSONAL NAME
Personal name McKinstry, Hugh Exton
245 10 - TITLE STATEMENT
Title Mining geology
250 ## - EDITION STATEMENT
Edition statement 1st ed.
260 ## - PUBLICATION, DISTRIBUTION, ETC. (IMPRINT)
Place of publication, distribution, etc. New York
Name of publisher, distributor, etc. Prentice-Hall
Date of publication, distribution, etc. 1948
300 ## - PHYSICAL DESCRIPTION
Extent xix, 680p.
Other physical details illus.
Dimensions 24 cm.
650 #0 - SUBJECT ADDED ENTRY--TOPICAL TERM
Topical term or geographic name as entry element Mining engineering
700 ## - ADDED ENTRY--PERSONAL NAME
Personal name Tyler, Stanley A.
700 ## - ADDED ENTRY--PERSONAL NAME
Personal name Pennebaker, E.N.
700 ## - ADDED ENTRY--PERSONAL NAME
Personal name Richard, Kenyon E.
942 ## - ADDED ENTRY ELEMENTS (KOHA)
Koha item type General Book
Holdings
Shelving location Koha full call number Sublocation or collection (holding branch) Date acquired Withdrawn status Source of classification or shelving scheme Koha normalized classification for sorting Damaged status Location (home branch) Not for loan Copy number Koha item type Koha date last seen Price effective from Lost status Piece designation (barcode)
Circulation section622/MCK/1962Central Library, BUET2015-04-16  622_000000000000000_MCK_1962 Central Library, BUET 1General Book2015-04-162015-04-16 20574
Circulation section622/MCK/1962Central Library, BUET2015-04-16  622_000000000000000_MCK_1962 Central Library, BUET 2General Book2015-04-162015-04-16 3983
Circulation section622/MCK/1962Central Library, BUET2015-04-16  622_000000000000000_MCK_1962 Central Library, BUET 3General Book2015-04-162015-04-16 25163
 622 MCK/1962Central Library, BUET2015-04-20  622_000000000000000_MCK_1962 Central Library, BUET  General Book2015-04-202015-04-20